| 000 | 00662nam a2200181 i 4500 | ||
|---|---|---|---|
| 001 | 51644 | ||
| 003 | ES-MaACL | ||
| 005 | 20230906162412.0 | ||
| 007 | t| | ||
| 008 | 030814s1975 mx ||||1| spa d | ||
| 100 | 1 |
_aDana, Edward Salisbury. _942588 |
|
| 245 | 1 | 0 |
_aTratado de mineralogía, con un tratado extenso sobre cristalografía y mineralogía física / _cpor Edward Salisbury Dana ; edicion revisada y aumentada por William E. Ford. |
| 250 | _a[1ª ed., 4ª imp.]. | ||
| 260 |
_aMéxico : _bCompañía Editorial Continental, _c[1975] |
||
| 300 |
_a912 p. : _bil. ; _c24 cm. |
||
| 700 | 1 |
_aFord, William E. _951713 |
|
| 852 |
_aES-MaACL _jA-5986 _bR.94949 |
||
| 999 |
_c51644 _d51644 |
||